Central Library OPAC University of Rajshahi
Normal view MARC view

Entry Personal Name

Number of records used in: 2

001 - CONTROL NUMBER

  • control field: 18525

003 - CONTROL NUMBER IDENTIFIER

  • control field: BD-RjUL

005 - DATE AND TIME OF LATEST TRANSACTION

  • control field: 20260519110004.0

008 - FIXED-LENGTH DATA ELEMENTS

  • fixed length control field: 260519|| aca||aabn | a|a d

040 ## - CATALOGING SOURCE

  • Original cataloging agency: BD-RjUL
  • Transcribing agency: BD-RjUL

100 ## - HEADING--PERSONAL NAME

  • Personal name: Lorrain, Claude,
  • Dates associated with a name: 1600-1682

670 ## - SOURCE DATA FOUND

  • Source citation: Work cat.: (BD-RjUL)86514: Manwaring, Elizabeth Wheeler, 1879- 18524, Italian landscape in eighteenth century England :, 1925.